[Event "TUR-chT"]
[Site "Ankara"]
[Date "2018.08.05"]
[Round "13.4"]
[White "Bolat, Ahmet"]
[Black "Can, Emre"]
[Result "0-1"]
[WhiteElo "2124"]
[BlackElo "2605"]
[PlyCount "102"]
[EventDate "2018.07.25"]
[EventType "team-tourn"]
[EventRounds "13"]
[EventCountry "TUR"]
[SourceTitle "CBM 185 Extra"]
[Source "ChessBase"]
[SourceDate "2018.07.29"]
[SourceVersion "1"]
[SourceVersionDate "2018.07.29"]
[SourceQuality "1"]
[WhiteTeam "Genc Akademisyenler"]
[BlackTeam "Turk Hava Yollari"]
[WhiteTeamCountry "TUR"]
[BlackTeamCountry "TUR"]

1. e4 c5 2. Nf3 e6 3. d4 cxd4 4. Nxd4 Nc6 5. Nxc6 bxc6 6. Bd3 Nf6 7. 0-0 d5 8. Nd2 Be7 9. Qe2 0-0 10. c4 a5 11. b3 a4 12. Bb2 Qb6 13. e5 Nd7 14. Qh5 g6 15. Qh6 a3 16. Bc3 d4 17. c5 Qxc5 18. Ne4 Qxe5 19. Bd2 Rd8 20. Rac1 Ba6 21. Bxa6 Rxa6 22. Rfe1 Qg7 23. Qh3 c5 24. Qd3 Raa8 25. Qb5 Rab8 26. Qc6 Qf8 27. Bg5 Bxg5 28. Nxg5 Qe7 29. f4 Rbc8 30. Qa6 Ra8 31. Qb5 Qd6 32. g3 Qa6 33. Qxa6 Rxa6 34. Ne4 Rc8 35. b4 c4 36. Nc5 Nxc5 37. Rxc4 Rac6 38. Rec1 d3 39. bxc5 d2 40. Rd1 Rxc5 41. Rxc5 Rxc5 42. Rxd2 Rb5 43. Kf2 Rb2 44. Ke3 f6 45. Kd3 Rxd2+ 46. Kxd2 e5 47. fxe5 fxe5 48. Kc3 Kf7 49. Kb3 e4 50. Kc4 Kf6 51. Kd4 Kf5 0-1

[Event "TUR-chT"]
[Site "Ankara"]
[Date "2018.07.27"]
[Round "3.1"]
[White "Bolat, Ahmet"]
[Black "Asadli, Vugar Afgan Oglu"]
[Result "0-1"]
[WhiteElo "2124"]
[BlackElo "2478"]
[PlyCount "70"]
[EventDate "2018.07.25"]
[EventType "team-tourn"]
[EventRounds "13"]
[EventCountry "TUR"]
[SourceTitle "CBM 185 Extra"]
[Source "ChessBase"]
[SourceDate "2018.07.29"]
[SourceVersion "1"]
[SourceVersionDate "2018.07.29"]
[SourceQuality "1"]
[WhiteTeam "Genc Akademisyenler"]
[BlackTeam "Darassufaka Spor"]
[WhiteTeamCountry "TUR"]
[BlackTeamCountry "TUR"]

1. g3 g6 2. Bg2 Bg7 3. e4 c5 4. f4 Nc6 5. Nf3 d6 6. 0-0 e6 7. d3 Nge7 8. c3 0-0 9. Be3 b6 10. Nbd2 Ba6 11. Qe2 Qd7 12. g4 d5 13. e5 d4 14. cxd4 cxd4 15. Bf2 Nd5 16. Qe4 f5 17. exf6 Nxf6 18. Qe2 Nd5 19. Bg3 Ne3 20. Rfc1 Rae8 21. Ne5 Nxe5 22. fxe5 Nxg2 23. Kxg2 Bh6 24. Rf1 Be3 25. Rxf8+ Rxf8 26. Rf1 Bb7+ 27. Ne4 Rxf1 28. Qxf1 Bxe4+ 29. dxe4 d3 30. Qd1 d2 31. Bf2 Bh6 32. h4 Qd3 33. Qa4 d1Q 34. Qe8+ Bf8 35. Qxe6+ Kh8 0-1

[Event "TUR-chT"]
[Site "Kocaeli"]
[Date "2017.07.29"]
[Round "4.4"]
[White "Bolat, Ahmet"]
[Black "Ozates, Tuna"]
[Result "0-1"]
[WhiteElo "2178"]
[BlackElo "2291"]
[PlyCount "92"]
[EventDate "2017.07.26"]
[EventType "team-tourn"]
[EventRounds "13"]
[EventCountry "TUR"]
[SourceTitle "CBM 179 Extra"]
[Source "ChessBase"]
[SourceDate "2017.08.23"]
[SourceVersion "1"]
[SourceVersionDate "2017.08.23"]
[SourceQuality "1"]
[WhiteTeam "Panelsan Genc"]
[BlackTeam "Manisa TS Alyans"]
[WhiteTeamCountry "TUR"]
[BlackTeamCountry "TUR"]

1. d4 d5 2. Nc3 Nf6 3. Bg5 c5 4. Bxf6 gxf6 5. e3 Nc6 6. Qh5 e6 7. Nf3 Bd7 8. 0-0-0 f5 9. dxc5 Bxc5 10. Qh6 Qe7 11. Nb5 0-0-0 12. Qf4 e5 13. Qh6 Be6 14. Ng5 a6 15. Nc3 Kb8 16. Nxe6 fxe6 17. Ne2 Rc8 18. Kb1 Na5 19. Nc1 Rc6 20. Nb3 Bb6 21. c3 Rhc8 22. g4 Nc4 23. gxf5 exf5 24. Qh5 Qd7 25. Bh3 Rf8 26. e4 d4 27. Bxf5 Qe7 28. cxd4 exd4 29. Qxh7 Qxh7 30. Bxh7 Rxf2 31. Nxd4 Rxb2+ 32. Ka1 Rh6 33. Bg8 Rb4 34. Nf5 Bc7 35. Rd5 Rhb6 36. Nd4 Ne3 37. Nb3 Nxd5 38. Bxd5 Be5+ 39. Kb1 a5 40. Kc2 Rh6 41. h4 Rg6 42. a3 Rg2+ 43. Kd1 Rb5 44. a4 Rb4 45. Rf1 Rxa4 46. Rf5 Raa2 0-1

[Event "Ankara Baskent Univ op 2nd"]
[Site "Ankara"]
[Date "2017.07.02"]
[Round "4"]
[White "Evdokimov, Alexander A"]
[Black "Bolat, Ahmet"]
[Result "1-0"]
[WhiteElo "2493"]
[BlackElo "2178"]
[PlyCount "73"]
[EventDate "2017.06.30"]
[EventType "swiss"]
[EventRounds "9"]
[EventCountry "TUR"]
[SourceTitle "CBM 179 Extra"]
[Source "ChessBase"]
[SourceDate "2017.08.23"]
[SourceVersion "1"]
[SourceVersionDate "2017.08.23"]
[SourceQuality "1"]

1. d4 Nf6 2. Nf3 c5 3. d5 b5 4. Bg5 Qb6 5. Bxf6 gxf6 6. e4 d6 7. Nbd2 Bg7 8. a4 b4 9. Bb5+ Kf8 10. 0-0 Rg8 11. Nh4 a6 12. Bd3 Nd7 13. Nc4 Qa7 14. a5 Ne5 15. Nf5 Bxf5 16. exf5 Bh6 17. f4 Nxc4 18. Bxc4 Qb7 19. Qh5 Bg7 20. Rfe1 Ra7 21. Re3 Qc7 22. Rg3 Rh8 23. h3 Qc8 24. Kh2 Qd7 25. Rg4 h6 26. Rg3 Rh7 27. Rb3 Kg8 28. c3 Ra8 29. cxb4 cxb4 30. Rxb4 Qc7 31. Qe2 h5 32. Bxa6 Bh6 33. Rba4 Rg7 34. Bb5 Qc5 35. Bc6 Rb8 36. a6 Rb4 37. Rxb4 1-0

[Event "Skopje Karposh op"]
[Site "Skopje"]
[Date "2015.04.01"]
[Round "7"]
[White "Bolat, Ahmet"]
[Black "Markoja, Boris"]
[Result "0-1"]
[WhiteElo "2170"]
[BlackElo "2353"]
[PlyCount "56"]
[EventDate "2015.03.27"]
[EventType "swiss"]
[EventRounds "9"]
[EventCountry "MKD"]
[SourceTitle "CBM 165 Extra"]
[Source "ChessBase"]
[SourceDate "2015.04.21"]
[SourceVersion "1"]
[SourceVersionDate "2015.04.21"]
[SourceQuality "1"]

1. e4 g6 2. d4 Bg7 3. Nc3 c6 4. Nf3 d5 5. h3 Nh6 6. Bf4 f6 7. Qd2 Nf7 8. 0-0-0 0-0 9. Kb1 a6 10. Bd3 e5 11. dxe5 fxe5 12. Bg3 Be6 13. h4 d4 14. Ne2 c5 15. c4 b5 16. Qc2 Nc6 17. a3 Na5 18. Nd2 Nd6 19. b3 Rb8 20. cxb5 Nxb5 21. Qxc5 Nc3+ 22. Nxc3 Nxb3 23. Nxb3 Rxb3+ 24. Ka1 Rxc3 25. Qb4 a5 26. Qb2 Qd6 27. Bc2 Rxa3+ 28. Kb1 Rb8 0-1

[Event "Skopje Karposh op"]
[Site "Skopje"]
[Date "2015.03.30"]
[Round "5"]
[White "Bolat, Ahmet"]
[Black "Danchevski, Orce"]
[Result "1-0"]
[WhiteElo "2170"]
[BlackElo "2370"]
[PlyCount "53"]
[EventDate "2015.03.27"]
[EventType "swiss"]
[EventRounds "9"]
[EventCountry "MKD"]
[SourceTitle "CBM 165 Extra"]
[Source "ChessBase"]
[SourceDate "2015.04.21"]
[SourceVersion "1"]
[SourceVersionDate "2015.04.21"]
[SourceQuality "1"]

1. d4 Nf6 2. Nc3 d5 3. Bg5 Nbd7 4. Qd3 c6 5. e4 dxe4 6. Nxe4 Nxe4 7. Qxe4 Qa5+ 8. Bd2 Qb6 9. 0-0-0 Nf6 10. Qe5 a5 11. h3 Be6 12. Be3 a4 13. d5 Qa5 14. Bb6 Qxb6 15. dxe6 fxe6 16. Bc4 a3 17. b3 g6 18. Qxe6 Bh6+ 19. Kb1 Rf8 20. Nf3 Qb4 21. Rhe1 Nd5 22. Rxd5 Rxf3 23. Rd7 Re3 24. Rxe3 Bxe3 25. c3 Qc5 26. fxe3 b5 27. b4 1-0

[Event "Manavgat Turkey Cup"]
[Site "Manavgat"]
[Date "2015.02.06"]
[Round "10"]
[White "Karaoglan, Kivanc"]
[Black "Bolat, Ahmet"]
[Result "1/2-1/2"]
[WhiteElo "1925"]
[BlackElo "2188"]
[PlyCount "86"]
[EventDate "2015.01.31"]
[EventType "swiss"]
[EventRounds "11"]
[EventCountry "TUR"]
[SourceTitle "CBM 164 Extra"]
[Source "ChessBase"]
[SourceDate "2015.03.02"]
[SourceVersion "1"]
[SourceVersionDate "2015.03.02"]
[SourceQuality "1"]

1. e4 c5 2. Nf3 Nc6 3. Bb5 e6 4. 0-0 Nge7 5. c3 a6 6. Bxc6 Nxc6 7. d4 cxd4 8. cxd4 d5 9. exd5 exd5 10. Re1+ Be7 11. Bg5 f6 12. Bf4 Bg4 13. Nc3 Qd7 14. h3 Bh5 15. Qd3 0-0 16. a3 Rae8 17. Rac1 Bd8 18. b4 Bxf3 19. Rxe8 Rxe8 20. Qxf3 Nxd4 21. Qd3 Nc6 22. Qxd5+ Qxd5 23. Nxd5 Re4 24. Be3 Kf7 25. Kf1 g5 26. Nc3 Rc4 27. Na4 Rxc1+ 28. Bxc1 b5 29. Nc5 a5 30. Ne4 axb4 31. axb4 Nxb4 32. Nd6+ Ke6 33. Nxb5 Bb6 34. Ke2 h5 35. Be3 Bxe3 36. Kxe3 Ke5 37. Nc3 f5 38. f3 h4 39. f4+ gxf4+ 40. Kf3 Nc2 41. Ne2 Ne1+ 42. Kf2 Nd3+ 43. Kf3 Ne1+ 1/2-1/2

[Event "Manavgat Turkey Cup"]
[Site "Manavgat"]
[Date "2015.02.03"]
[Round "5"]
[White "Bolat, Ahmet"]
[Black "Kilic, Efe Mert"]
[Result "1-0"]
[WhiteElo "2188"]
[BlackElo "1979"]
[PlyCount "93"]
[EventDate "2015.01.31"]
[EventType "swiss"]
[EventRounds "11"]
[EventCountry "TUR"]
[SourceTitle "CBM 164 Extra"]
[Source "ChessBase"]
[SourceDate "2015.03.02"]
[SourceVersion "1"]
[SourceVersionDate "2015.03.02"]
[SourceQuality "1"]

1. e4 d6 2. d4 Nf6 3. Nc3 e5 4. Nge2 Nbd7 5. f3 c6 6. Be3 a6 7. Qd2 b5 8. g4 Qc7 9. g5 Nh5 10. Ng3 Nxg3 11. hxg3 exd4 12. Bxd4 Ne5 13. Be2 Be6 14. b3 c5 15. Bg1 Nd7 16. f4 Nb6 17. f5 Bd7 18. g4 b4 19. Nd5 Nxd5 20. exd5 Bb5 21. 0-0-0 0-0-0 22. Kb1 Be7 23. Be3 Rde8 24. Rde1 h6 25. f6 gxf6 26. gxh6 Kb7 27. Bf4 Kb6 28. Rh3 Bd8 29. Re3 Reg8 30. Rg3 Re8 31. Bd3 Bxd3 32. Rxd3 Qd7 33. Rde3 Rxe3 34. Qxe3 Kb7 35. Qg3 Be7 36. Qh4 a5 37. Qh5 Bd8 38. Qf5 Qxf5 39. gxf5 Kc7 40. Kc1 Kd7 41. Kd2 Be7 42. Kd3 Bd8 43. Rg1 Ke7 44. Rg7 Bc7 45. h7 Kf8 46. Rg8+ Rxg8 47. Bh6+ 1-0

[Event "Manavgat Turkey Cup"]
[Site "Manavgat"]
[Date "2015.02.01"]
[Round "3"]
[White "Bolat, Ahmet"]
[Black "Tuna, Alp"]
[Result "1-0"]
[WhiteElo "2188"]
[BlackElo "1795"]
[PlyCount "93"]
[EventDate "2015.01.31"]
[EventType "swiss"]
[EventRounds "11"]
[EventCountry "TUR"]
[SourceTitle "CBM 164 Extra"]
[Source "ChessBase"]
[SourceDate "2015.03.02"]
[SourceVersion "1"]
[SourceVersionDate "2015.03.02"]
[SourceQuality "1"]

1. d4 Nf6 2. Nc3 d5 3. Bg5 Nbd7 4. f3 c6 5. Qd2 e6 6. e4 h6 7. Be3 dxe4 8. fxe4 Bb4 9. e5 Nd5 10. Bc4 N7b6 11. Bb3 a5 12. a3 Bxc3 13. bxc3 Nxe3 14. Qxe3 a4 15. Ba2 Nd5 16. Qg3 Qg5 17. Qxg5 hxg5 18. Kd2 f5 19. c4 Nf4 20. g3 Nh3 21. Nxh3 Rxh3 22. c5 Ke7 23. Bc4 Bd7 24. Bf1 Rh6 25. Bg2 g4 26. h4 gxh3 27. Rxh3 Rxh3 28. Bxh3 Rh8 29. Rh1 Rh5 30. Ke3 Be8 31. c4 Rh6 32. Kf4 Kd8 33. Bg2 g5+ 34. Kxg5 Rg6+ 35. Kf4 Rg4+ 36. Ke3 Rxg3+ 37. Bf3 Kc7 38. Rh7+ Kc8 39. d5 exd5 40. cxd5 cxd5 41. Kf4 Rg1 42. Bxd5 Rf1+ 43. Kg5 Bc6 44. Bxc6 bxc6 45. e6 f4 46. Rh8+ Kc7 47. e7 1-0

[Event "Istanbul op-A 10th"]
[Site "Istanbul"]
[Date "2011.09.17"]
[Round "7"]
[White "Tahaoglu, Ugur Barkin"]
[Black "Bolat, Ahmet"]
[Result "0-1"]
[WhiteElo "1855"]
[BlackElo "2089"]
[PlyCount "66"]
[EventDate "2011.09.12"]
[EventType "swiss"]
[EventRounds "9"]
[EventCountry "TUR"]
[SourceTitle "CBM 144 Extra"]
[Source "ChessBase"]
[SourceDate "2011.10.28"]
[SourceVersion "1"]
[SourceVersionDate "2011.10.28"]
[SourceQuality "1"]

1. d4 Nf6 2. Nf3 b5 3. e3 a6 4. Bd3 Bb7 5. Nbd2 e6 6. b3 c5 7. dxc5 Bxc5 8. c4 bxc4 9. Nxc4 Nc6 10. 0-0 0-0 11. Bb2 d6 12. Rc1 Qe7 13. Bb1 e5 14. Nh4 g6 15. Nf3 a5 16. a3 Ba6 17. Re1 Rfd8 18. Ng5 Ba7 19. Qf3 d5 20. Nd2 Rac8 21. Qg3 Bb8 22. Qh4 Bd6 23. Qa4 Bb7 24. Ngf3 Rc7 25. Nh4 e4 26. f4 Nd7 27. Rxc6 Bxc6 28. Qd4 f6 29. g4 Bxa3 30. Ba1 Qc5 31. f5 Qxd4 32. Bxd4 g5 33. Ng2 Bb4 0-1

[Event "TUR-chT"]
[Site "Konya"]
[Date "2011.07.05"]
[Round "9"]
[White "Bolat, Ahmet"]
[Black "Okus, Melih"]
[Result "1-0"]
[WhiteElo "2074"]
[BlackElo "1893"]
[PlyCount "157"]
[EventDate "2011.06.28"]
[EventType "team-swiss"]
[EventRounds "13"]
[EventCountry "TUR"]
[SourceTitle "CBM 143 Extra"]
[Source "ChessBase"]
[SourceDate "2011.08.29"]
[SourceVersion "1"]
[SourceVersionDate "2011.08.29"]
[SourceQuality "1"]
[WhiteTeam "Mersin Ezgi"]
[BlackTeam "Celikkol Turizm Pamukkale"]
[WhiteTeamCountry "TUR"]
[BlackTeamCountry "TUR"]

1. g3 d5 2. Bg2 g6 3. Nf3 Bg7 4. 0-0 e5 5. c4 Ne7 6. cxd5 Nxd5 7. Nc3 0-0 8. Qb3 Nb6 9. d3 Be6 10. Qc2 Nc6 11. Ng5 Bd7 12. f4 Nd4 13. Qd1 Bc6 14. fxe5 Bxg2 15. Kxg2 Bxe5 16. e3 Nc6 17. Nf3 Bg7 18. Qe2 Qd7 19. e4 Rad8 20. Rd1 Nd4 21. Nxd4 Bxd4 22. Bh6 Rfe8 23. Qf3 Re6 24. Rd2 Rf6 25. Qd1 Rd6 26. Qc2 Bg7 27. Bg5 Nc4 28. Re2 Rxd3 29. Nd5 Rxd5 30. exd5 Qxd5+ 31. Qe4 f6 32. Qxd5+ Rxd5 33. Bf4 Ne5 34. Rf1 Bf8 35. Rd2 Rxd2+ 36. Bxd2 Kf7 37. h3 Ke6 38. g4 Bd6 39. Be3 a6 40. Rc1 Kd5 41. Rd1+ Ke6 42. Bd4 Nc6 43. Re1+ Kf7 44. Bf2 Ne5 45. Bg3 Ke6 46. Kf2 Kd5 47. Ke2 Ke4 48. Rf1 Be7 49. Re1 Bd6 50. Rf1 Be7 51. g5 fxg5 52. Bxe5 Kxe5 53. Rf7 Bd6 54. Rxh7 Kf4 55. Kf2 Ke4 56. Rh6 Kf5 57. Kf3 Be5 58. Rh7 b6 59. b3 a5 60. Re7 Bd6 61. Re8 Kf6 62. Ke4 Kf7 63. Ra8 Ke6 64. Rc8 Bh2 65. Rf8 Bd6 66. Rf3 Be5 67. Rd3 Bd6 68. Rd5 Kf6 69. Rb5 Bc5 70. Kd5 Be3 71. Kc6 Bf4 72. Rd5 Kg7 73. a3 Kh6 74. Rd7 Be5 75. b4 axb4 76. axb4 g4 77. hxg4 Bd6 78. Rxd6 cxd6 79. Kxb6 1-0

[Event "TUR-chT"]
[Site "Konya"]
[Date "2011.07.04"]
[Round "7"]
[White "Bolat, Ahmet"]
[Black "Vovk, Andrey"]
[Result "0-1"]
[WhiteElo "2074"]
[BlackElo "2545"]
[PlyCount "70"]
[EventDate "2011.06.28"]
[EventType "team-swiss"]
[EventRounds "13"]
[EventCountry "TUR"]
[SourceTitle "CBM 143 Extra"]
[Source "ChessBase"]
[SourceDate "2011.08.29"]
[SourceVersion "1"]
[SourceVersionDate "2011.08.29"]
[SourceQuality "1"]
[WhiteTeam "Mersin Ezgi"]
[BlackTeam "Adana Truva"]
[WhiteTeamCountry "TUR"]
[BlackTeamCountry "TUR"]

1. e4 c5 2. Nf3 e6 3. d4 cxd4 4. Nxd4 a6 5. g3 Nf6 6. Bg2 Qc7 7. 0-0 Be7 8. Re1 d6 9. Nc3 Bd7 10. g4 h6 11. f4 Nc6 12. Nxc6 Bxc6 13. Be3 0-0-0 14. h3 g5 15. fxg5 hxg5 16. Rf1 d5 17. exd5 Rxh3 18. Rf3 Qh2+ 19. Kf1 Nxd5 20. Nxd5 Rxf3+ 21. Bxf3 Bxd5 22. Bxd5 Rxd5 23. Qf3 f5 24. Bf2 Bc5 25. Bxc5 Rxc5 26. Re1 Rc4 27. Re2 Qf4 28. Qxf4 Rxf4+ 29. Ke1 Rxg4 30. Rxe6 Re4+ 31. Rxe4 fxe4 32. Kf2 g4 33. Ke3 g3 34. c4 Kd7 35. b4 Kd6 0-1

[Event "TUR-chT"]
[Site "Konya"]
[Date "2011.06.30"]
[Round "3"]
[White "Bolat, Ahmet"]
[Black "Ozgur, Emre"]
[Result "1/2-1/2"]
[WhiteElo "2074"]
[BlackElo "1732"]
[PlyCount "93"]
[EventDate "2011.06.28"]
[EventType "team-swiss"]
[EventRounds "13"]
[EventCountry "TUR"]
[SourceTitle "CBM 143 Extra"]
[Source "ChessBase"]
[SourceDate "2011.08.29"]
[SourceVersion "1"]
[SourceVersionDate "2011.08.29"]
[SourceQuality "1"]
[WhiteTeam "Mersin Ezgi"]
[BlackTeam "Turk Hava Yollari"]
[WhiteTeamCountry "TUR"]
[BlackTeamCountry "TUR"]

1. g3 Nf6 2. Bg2 c5 3. Nf3 Nc6 4. 0-0 g6 5. b3 Bg7 6. Bb2 0-0 7. d3 d5 8. Nbd2 b6 9. e4 Bb7 10. exd5 Nxd5 11. Bxg7 Kxg7 12. Re1 e6 13. Qc1 Rb8 14. Ne4 Nf6 15. Qb2 Nd4 16. Rad1 Re8 17. Ne5 Nxe4 18. dxe4 Qf6 19. f4 Red8 20. c3 Nc6 21. Ng4 Qe7 22. Rxd8 Rxd8 23. Qf2 f6 24. e5 f5 25. Nf6 Qc7 26. g4 Ne7 27. g5 Bxg2 28. Qxg2 Nd5 29. Qd2 Kh8 30. Rd1 c4 31. Qd4 b5 32. b4 Qb7 33. Rd2 Kg7 34. h4 Qc7 35. h5 Qb6 36. Qxb6 axb6 37. hxg6 hxg6 38. Kf2 Kf7 39. Nxd5 exd5 40. Ke3 Ke6 41. Rh2 d4+ 42. cxd4 Ra8 43. Rh6 Ra3+ 44. Kd2 Kf7 45. Kc2 Rxa2+ 46. Kd1 c3 47. e6+ 1/2-1/2

[Event "TUR-ch"]
[Site "Kemer"]
[Date "2011.02.12"]
[Round "9"]
[White "Yilmazyerli, Mert"]
[Black "Bolat, Ahmet"]
[Result "1-0"]
[WhiteElo "2322"]
[BlackElo "2060"]
[PlyCount "132"]
[EventDate "2011.02.05"]
[EventType "swiss"]
[EventRounds "10"]
[EventCountry "TUR"]
[SourceTitle "CBM 140 Extra"]
[Source "ChessBase"]
[SourceDate "2011.03.01"]
[SourceVersion "1"]
[SourceVersionDate "2011.03.01"]
[SourceQuality "1"]

1. e4 e6 2. d4 d5 3. Nc3 Nf6 4. Bg5 dxe4 5. Nxe4 Nbd7 6. Nf3 Be7 7. Nxf6+ Bxf6 8. Qd2 Bxg5 9. Nxg5 b6 10. 0-0-0 Bb7 11. Bd3 h6 12. Be4 Bxe4 13. Nxe4 Nf6 14. Nc3 Qd7 15. Qd3 0-0-0 16. Qf3 Kb8 17. Rhe1 Nd5 18. Ne4 Rhe8 19. Kb1 Re7 20. c4 Nb4 21. Nc3 Nc6 22. d5 exd5 23. cxd5 Rxe1 24. Rxe1 Nd4 25. Qd3 Nf5 26. a4 Nd6 27. Qd4 Re8 28. Rxe8+ Nxe8 29. a5 f6 30. Ka2 Nd6 31. Qb4 Qf5 32. Qd4 Kc8 33. a6 Kd8 34. f3 Qc8 35. Qa4 Qd7 36. Qc6 Qc8 37. Qa4 Qd7 38. Qa3 Qf5 39. Qa4 Qd7 40. Kb3 Qxa4+ 41. Nxa4 Kd7 42. Kb4 Nc8 43. Kc4 c6 44. Nc3 Ne7 45. b4 Kd6 46. dxc6 Kxc6 47. Nb5 Nc8 48. Nd4+ Kd7 49. f4 g5 50. fxg5 hxg5 51. g3 Nd6+ 52. Kd5 Ne8 53. Nb5 g4 54. Ke4 Ke6 55. Kf4 f5 56. Nxa7 Nc7 57. b5 Kf6 58. Ke3 Ke5 59. Nc6+ Kd5 60. Nd4 Ke5 61. a7 Nd5+ 62. Kd3 Nc7 63. Nc6+ Kd5 64. Nb4+ Ke5 65. Kc4 f4 66. gxf4+ Ke4 1-0

[Event "TUR-ch"]
[Site "Kemer"]
[Date "2011.02.07"]
[Round "4"]
[White "Bolat, Ahmet"]
[Black "Turek, Ismet"]
[Result "1-0"]
[WhiteElo "2060"]
[BlackElo "1644"]
[PlyCount "59"]
[EventDate "2011.02.05"]
[EventType "swiss"]
[EventRounds "10"]
[EventCountry "TUR"]
[SourceTitle "CBM 140 Extra"]
[Source "ChessBase"]
[SourceDate "2011.03.01"]
[SourceVersion "1"]
[SourceVersionDate "2011.03.01"]
[SourceQuality "1"]

1. e4 c5 2. Nf3 Nc6 3. c3 d5 4. exd5 Qxd5 5. Na3 Nf6 6. Be2 e6 7. 0-0 Be7 8. d4 0-0 9. Nb5 Qd7 10. dxc5 Bxc5 11. Qc2 a6 12. Rd1 Qe7 13. Nbd4 Nxd4 14. Nxd4 h6 15. Nb3 Ba7 16. Bf3 Rd8 17. Bf4 Nd5 18. Bg3 Bb8 19. Qe2 Qf6 20. c4 Nf4 21. Qe4 Ng6 22. Rxd8+ Qxd8 23. Rd1 Qf6 24. Qd4 Qxd4 25. Rxd4 Bxg3 26. Rd8+ Kh7 27. hxg3 Ne5 28. c5 Nc6 29. Bxc6 bxc6 30. Na5 1-0

[Event "World School-ch U17 6th"]
[Site "Kayseri"]
[Date "2010.07.28"]
[Round "7"]
[White "Bolat, Ahmet"]
[Black "Atabayev, Maksat"]
[Result "1/2-1/2"]
[WhiteElo "2016"]
[BlackElo "2323"]
[PlyCount "48"]
[EventDate "2010.07.21"]
[EventType "swiss"]
[EventRounds "9"]
[EventCountry "TUR"]
[SourceTitle "CBM 137 Extra"]
[Source "ChessBase"]
[SourceDate "2010.09.01"]
[SourceVersion "1"]
[SourceVersionDate "2010.09.01"]
[SourceQuality "1"]

1. e4 c5 2. Nf3 d6 3. d4 cxd4 4. Nxd4 Nf6 5. Nc3 a6 6. Bg5 e6 7. f4 Nbd7 8. Qf3 Be7 9. 0-0-0 Qc7 10. g4 b5 11. Bxf6 Nxf6 12. g5 Nd7 13. f5 Ne5 14. Qg3 Bd7 15. h4 Rc8 16. Rh2 Qc5 17. Bh3 Qc4 18. Kb1 b4 19. Nce2 exf5 20. exf5 f6 21. Nf4 Rg8 22. Nfe6 Bxe6 23. fxe6 fxg5 24. hxg5 Rf8 1/2-1/2

[Event "World School-ch U17 6th"]
[Site "Kayseri"]
[Date "2010.07.24"]
[Round "4"]
[White "Bolat, Ahmet"]
[Black "Tekeli, Taylan Can"]
[Result "1-0"]
[WhiteElo "2016"]
[BlackElo "1912"]
[PlyCount "129"]
[EventDate "2010.07.21"]
[EventType "swiss"]
[EventRounds "9"]
[EventCountry "TUR"]
[SourceTitle "CBM 137 Extra"]
[Source "ChessBase"]
[SourceDate "2010.09.01"]
[SourceVersion "1"]
[SourceVersionDate "2010.09.01"]
[SourceQuality "1"]

1. e4 c5 2. Nf3 Nc6 3. d4 cxd4 4. Nxd4 Qb6 5. Nb3 e6 6. Nc3 Nf6 7. Be3 Qc7 8. g3 Bb4 9. Bg2 0-0 10. 0-0 a6 11. Na4 b5 12. Nb6 Rb8 13. Nxc8 Rbxc8 14. c3 Be7 15. f4 d6 16. g4 d5 17. e5 Nd7 18. Nd4 Bc5 19. Kh1 Qb6 20. Nxc6 Rxc6 21. Bxc5 Qxc5 22. Qe1 Rfc8 23. Rd1 Qc4 24. a3 Qb3 25. Rd2 a5 26. f5 b4 27. axb4 axb4 28. cxb4 Qxb4 29. Qf2 Nxe5 30. fxe6 fxe6 31. Re2 Qd6 32. Rxe5 Rf8 33. Re2 Rfc8 34. Re5 Rf8 35. Re2 Rfc8 36. Re5 Rf8 37. Qxf8+ Qxf8 38. Rxf8+ Kxf8 39. h3 Kf7 40. Re2 Rc5 41. Kg1 Ke7 42. b4 Rb5 43. Rb2 Kd6 44. Kf2 e5 45. Ke3 g5 46. Bf1 Rb8 47. b5 Kc5 48. Rc2+ Kb4 49. Rc7 Rb6 50. Re7 Rf6 51. Be2 Kc3 52. Rc7+ Kb4 53. Rxh7 Kc3 54. Rc7+ Kb4 55. Rc6 Rf8 56. b6 Rb8 57. Re6 Kc3 58. Rxe5 d4+ 59. Kf2 Rxb6 60. Rxg5 Kd2 61. Rd5 Rf6+ 62. Bf3 d3 63. g5 Rf8 64. h4 Kc3 65. g6 1-0

[Event "World School-ch U17 6th"]
[Site "Kayseri"]
[Date "2010.07.21"]
[Round "1"]
[White "Okay, Arda Efe"]
[Black "Bolat, Ahmet"]
[Result "1/2-1/2"]
[WhiteElo "1845"]
[BlackElo "2016"]
[PlyCount "98"]
[EventDate "2010.07.21"]
[EventType "swiss"]
[EventRounds "9"]
[EventCountry "TUR"]
[SourceTitle "CBM 137 Extra"]
[Source "ChessBase"]
[SourceDate "2010.09.01"]
[SourceVersion "1"]
[SourceVersionDate "2010.09.01"]
[SourceQuality "1"]

1. e4 e6 2. d3 d5 3. Nd2 Nf6 4. Ngf3 c5 5. g3 Nc6 6. Bg2 Be7 7. 0-0 b5 8. Re1 a5 9. Qe2 0-0 10. e5 Nd7 11. Nf1 Bb7 12. h4 Rc8 13. h5 b4 14. a3 Qc7 15. Bf4 bxa3 16. bxa3 Nd4 17. Nxd4 cxd4 18. Ra2 Kh8 19. Nd2 Nc5 20. Nb3 Nxb3 21. cxb3 Qb6 22. Rb1 Ba6 23. Bf1 Rc3 24. Qd1 Rfc8 25. Bd2 R3c6 26. b4 axb4 27. Bxb4 Bxb4 28. Rxb4 Qc7 29. Qe2 Rc1 30. Rab2 Ra1 31. Ra2 Rc1 32. Rab2 Rc3 33. Rxd4 Rxa3 34. Ra2 Rxa2 35. Qxa2 Bb7 36. Rb4 Ba8 37. d4 h6 38. Kg2 Qc3 39. Qb2 Qxb2 40. Rxb2 Bc6 41. Rc2 Bd7 42. Rxc8+ Bxc8 43. Bb5 Kg8 44. f4 Kf8 45. Kf3 Ke7 46. g4 f6 47. Ke3 Bb7 48. g5 fxg5 49. fxg5 Bc8 1/2-1/2

[Event "TUR-chT"]
[Site "Konya"]
[Date "2010.06.30"]
[Round "3"]
[White "Bolat, Ahmet"]
[Black "Karagollu, Ahmet"]
[Result "1/2-1/2"]
[WhiteElo "2016"]
[BlackElo "1919"]
[PlyCount "146"]
[EventDate "2010.06.29"]
[EventType "team-tourn"]
[EventRounds "13"]
[EventCountry "TUR"]
[SourceTitle "CBM 137 Extra"]
[Source "ChessBase"]
[SourceDate "2010.09.01"]
[SourceVersion "1"]
[SourceVersionDate "2010.09.01"]
[SourceQuality "1"]

1. d4 Nf6 2. Nc3 d5 3. Bg5 c5 4. e3 cxd4 5. Qxd4 Nc6 6. Bb5 Bd7 7. Bxc6 bxc6 8. e4 Nxe4 9. Nxe4 dxe4 10. 0-0-0 Bg4 11. Qxd8+ Rxd8 12. Rxd8+ Kxd8 13. h3 Bh5 14. g4 Bg6 15. Ne2 Kc8 16. Be3 a6 17. Nd4 Kb7 18. Rd1 e5 19. Nb3 Kc7 20. Nc5 Bxc5 21. Bxc5 Rd8 22. b4 h5 23. a4 hxg4 24. hxg4 f6 25. a5 e3 26. Bxe3 Be4 27. g5 Bd5 28. gxf6 gxf6 29. Kb2 Rh8 30. Rd3 f5 31. Bb6+ Kc8 32. Rg3 Rh7 33. Rg5 Rf7 34. Rg8+ Kb7 35. Bc5 Rd7 36. Re8 e4 37. Be3 Rg7 38. Kc3 Rf7 39. Bf4 Rd7 40. Re5 Bg8 41. Re8 Bf7 42. Rb8+ Ka7 43. Rb6 Bd5 44. Be3 f4 45. Bxf4 Rb7 46. Be3 Rxb6 47. Bxb6+ Kb7 48. Kd4 Kc8 49. Bc5 Bg8 50. Kxe4 Bh7+ 51. Ke5 Bxc2 52. Ke6 Kd8 53. Bb6+ Ke8 54. Kd6 Ba4 55. Ke6 Bb3+ 56. Kf6 Bc4 57. Bc5 Bb3 58. f4 Bc4 59. f5 Bb3 60. Be3 Bc4 61. Bg5 Bb3 62. Bh6 Bc4 63. Kg6 Bf7+ 64. Kg7 Bc4 65. Be3 Bb3 66. Bc5 Bc4 67. Kf6 Bb3 68. Ke5 Kf7 69. Kd6 Ba4 70. Bd4 Bb5 71. Be5 Ba4 72. Kc7 Bb5 73. Kb6 Kg8 1/2-1/2